000 00538nam a2200229Ia 4500
003 OSt
005 20251204163042.0
008 210210b2010 xxu||||| |||| 00| 0 eng d
020 _a9788130914664
040 _cAL
041 _aeng
082 _a001.4 MARY
100 _aStephen Marshall
_9247700
245 _aYour PhD companion Rev Ed 3
250 _a3
260 _aNew Delhi
_bViva books
_c2010
300 _axii,156p
690 _aResearch
_9247707
700 _aGreen, Nick
_9247708
906 _a066762
942 _2ddc
_cBK
999 _c149224
_d149224